ESSENTIALS OF BIOCHEMISTRY (Record no. 7976)

MARC details
000 -LEADER
fixed length control field 00418nam a22001697a 4500
005 - DATE AND TIME OF LATEST TRANSACTION
control field 20250418133603.0
008 - FIXED-LENGTH DATA ELEMENTS--GENERAL INFORMATION
fixed length control field 220221b ||||| |||| 00| 0 eng d
020 ## - INTERNATIONAL STANDARD BOOK NUMBER
ISBN 978-81-312-6497-3
041 ## - LANGUAGE CODE
Language code of text/sound track or separate title eng
082 ## - DEWEY DECIMAL CLASSIFICATION NUMBER
Classification number 612.015
Item number SAT-E
100 ## - MAIN ENTRY--AUTHOR NAME
Personal name SATYANARAYANA, U AND CHAKRAPANI,U
245 ## - TITLE STATEMENT
Title ESSENTIALS OF BIOCHEMISTRY
260 ## - PUBLICATION, DISTRIBUTION, ETC. (IMPRINT)
Place of publication WEST BENGAL
Name of publisher ELSEVIER
300 ## - PHYSICAL DESCRIPTION
Number of Pages 441;p
650 ## - SUBJECT ADDED ENTRY--TOPICAL TERM
General subdivision BPT
942 ## - ADDED ENTRY ELEMENTS (KOHA)
Koha item type Books
Holdings
Lost status Damaged status Collection code Home library Current library Shelving location Date acquired Source of acquisition Cost, normal purchase price Full call number Accession Number Koha item type
    PHARMACY JRU Library JRU Library SHELF-3-E 21/02/2022 PURCHASE 1595.00 612.015 26591 Books
    PHARMACY JRU Library JRU Library Shelf - 26- E 21/02/2022 PURCHASE 1595.00 612.015 26592 Books